01079 2200205 4500001002100000005001500021035002000036008004100056245006100097100001000158250000600168260003800174300001200212084001400224082000800238650001000246520059300256990001200849990001200861INLIS00000000000088620240604091200 a0010-0524000121240604 1 ind 1 aReina ( Kampus Biru, Tempat Segalanya Bermula ) /cSofia aSofia a1 aYogyakarta :bSheila/ Andi,c2019 a454 hlm a813 SOF r a813 4aFiksi aTokoh utamanya adalah seorang mahasiswa Psikologi bernama Reina yang jatuh cinta kepada sosok dosen muda di UGM bernama Abhinaya, begitu pula sebaliknya. Namun, ada Azka yang diam-diam menaruh hati kepada Reina. Kisah cintanya menjadi kisah cinta segitiga. Awalnya, Reina kesal dengan sifat Azka yang menyebalkan dan menjengkelkan. Namun, organisasi dan radio kampus mendekatkan mereka. Hingga akhirnya, Reina mengetahui kalau Abhinaya dan Azka adalah saudara. Mereka pun berpisah dengan lika-liku yang dihadapi masing-masing. Di akhir cerita, takdir mempertemukan Reina dan Azka kembali. a0741372 a0741373